| 000 | 01871nam0a2200385 4500 | ||
|---|---|---|---|
| 001 | RU\NLR\bibl\1871021 | ||
| 005 | 20250616190356.0 | ||
| 010 |
_a978-5-7579-1575-3 _9100 |
||
| 021 |
_aRU _b2012-5484 _9395 |
||
| 035 | _aRU\LSL\Books\2562488 | ||
| 035 | _a(nilc)LIBNET\0000169838 | ||
| 035 | _a(NLR Aleph) 001860865 | ||
| 090 |
_a2529511 _c2529511 |
||
| 100 | _a20111013d2010 |||y0rusy50 ca | ||
| 101 | 0 | _arus | |
| 102 | _aRU | ||
| 105 | _aa ||||||||| | ||
| 200 | 1 |
_aВросший ноготь первого пальца стопы _eучебное пособие _fВ.Н. Коробков, И.С. Малков _gМ-во образования и науки Рос. Федерации, Гос. образоват. учреждение высш. проф. образования "Казан. гос. техн. ун-т", Гос. образоват. учреждение доп. проф. образования "Казан. гос. мед. акад. Росздрава" |
|
| 210 |
_aКазань _cИзд-во Казанского государственного технического университета _d2010 |
||
| 215 |
_a40, [1] с. _cил. _d21 |
||
| 320 | _aБиблиогр.: с. 37-40 (52 назв.) | ||
| 606 | 1 |
_aНогти вросшие _92109395 _3RU\NLR\auth\661578486 |
|
| 686 |
_aР608 _2rubbk |
||
| 686 |
_a76.29 _2rugasnti |
||
| 686 | _aР457.865.7 | ||
| 700 | 1 |
_aКоробков _bВ. Н. _gВладимир Николаевич _4070 |
|
| 701 | 1 |
_aМалков _bИ. С. _gИгорь Сергеевич _4070 |
|
| 801 | 0 |
_aRU _bНБ Казанского ГУ _c20110907 |
|
| 801 | 1 |
_aRU _bНБ Казанского ГУ _c20111013 _gRCR |
|
| 801 | 2 |
_aRU _bНБ Казанского ГУ _c20111013 |
|
| 801 | 2 |
_aRU _bNLR _c20120217 _grcr |
|
| 830 | _aавт. раскрыты по кн. | ||
| 942 | _cBOOK | ||
| 980 | _aNB | ||